Online
Catalog

Independencia del poder judicial : (Record no. 27986)

MARC details
000 -CABECERA
campo de control de longitud fija 00522nam a2200157 a 4500
001 - NÚMERO DE CONTROL
campo de control 000028494
005 - FECHA Y HORA DE LA ÚLTIMA TRANSACCIÓN
campo de control 20200930054956.0
008 - DATOS DE LONGITUD FIJA--INFORMACIÓN GENERAL
campo de control de longitud fija 110408s1998 dr 000 0 spa d
040 ## - FUENTE DE LA CATALOGACIÓN
Centro catalogador/agencia de origen DO-SdBNP
Lengua de catalogación spa
Centro/agencia transcriptor BNPHU
082 ## - NÚMERO DE LA CLASIFICACIÓN DECIMAL DEWEY
Número de clasificación xxx
Número de documento/Ítem M843i
049 ## - FONDOS LOCALES (OCLC)
Fondos de biblioteca BNPD
100 1# - ENTRADA PRINCIPAL--NOMBRE DE PERSONA
Nombre de persona Moreno, Guillermo,
9 (RLIN) 31108
245 10 - MENCIÓN DE TÍTULO
Título Independencia del poder judicial :
Resto del título tareas urgente de la Suprema Corte de Justicia /
Mención de responsabilidad, etc. Guillermo Moreno.
260 ## - PUBLICACIÓN, DISTRIBUCIÓN, ETC.
Lugar de publicación, distribución, etc. [Santo Domingo] :
Nombre del editor, distribuidor, etc. Edición Gaceta Judicial,
Fecha de publicación, distribución, etc. [1998]
Fabricante Editora Búho
300 ## - DESCRIPCIÓN FÍSICA
Extensión 24 p. ;
Dimensiones 14 cm.
Holdings
Estado de retiro Estado de pérdida No para préstamo Código de colección Localización permanente Ubicación/localización actual Ubicación en estantería Fecha de adquisición Número de inventario Total de préstamos Signatura topográfica completa Código de barras Fecha visto por última vez Precio válido a partir de Tipo de ítem Koha
      Patrimonio Dominicano Patrimonio Dominicano Patrimonio Dominicano Orden iniciada 08.04.2011 LF1   xxx M843i 28494-10 25.06.2020 25.06.2020 Libro y Folleto Colección Patrimonio Dominicano

Powered by Koha